| 000 | 00538nam a2200157 i 4500 | ||
|---|---|---|---|
| 001 | 72028 | ||
| 003 | ES-MaACL | ||
| 005 | 20230906171315.0 | ||
| 007 | t| | ||
| 008 | 040823s1948 sp ||||1| spa d | ||
| 100 | 1 |
_aGil Hernández, Eloy. _956827 |
|
| 245 | 1 | 3 |
_aLa inmortalidad o vida nueva _b: drama de prosopopeya en un prólogo y tres actos en prosa y verso / _cEloy Gil Hernández. |
| 260 |
_aMadrid : _bVictoriano Suárez, _c[1948] ( _fTip. Clásica-Española) |
||
| 300 |
_a126p. ; _c16 cm. |
||
| 852 |
_aES-MaACL _j1892-F-1 _bR.26264 |
||
| 999 |
_c72028 _d72028 |
||